[Event "Stay Safe Play From Home 307"]
[Site "Emanuel Lasker Arena"]
[Date "2020.07.16"]
[Round "6"]
[White "Lazieri3"]
[Black "Bardellosport"]
[Result "0-1"]
[WhiteElo "2132"]
[BlackElo "1985"]
[Annotator "TA"]
[PlyCount "50"]
[EventDate "2020.07.16"]
[EventType "swiss (blitz)"]

{[%evp 9,50,56,137,85,143,108,180,139,174,132,191,138,241,156,154,104,97,98,150,131,225,223,436,416,375,0,110,108,111,111,110,104,144,132,109,122,127,-894,-884,-1375,-1365,-1250,-1257]} 1. e4 d6 2. Nc3 g6 3. d4 Bg7 4. Be3 Nd7 5. Nf3 {[#]} f6 $146 (5... Ngf6 $14) ({Predecessor:} 5... a6 6. Bc4 e6 7. a4 Ne7 8. a5 O-O 9. Qd2 Nf6 10. Bd3 Ng4 11. Bg5 h6 12. Bh4 g5 13. h3 Ne5 14. dxe5 gxh4 15. exd6 cxd6 16. Nxh4 {1-0 (49) Hovhannisyan,R (2637)-Saric,I (2695) St Petersburg 2018}) 6. Bd3 {B06: Modern Defence.} ({Better is} 6. Qd2) 6... e5 (6... Nh6 $142) 7. Qd2 Qe7 (7... Ne7 $16) 8. O-O-O {White is clearly better.} c6 9. h3 h5 (9... Nb6 $16 10. Kb1 f5) 10. Rhf1 (10. Nh4 $18 Nf8 11. Nf3) 10... Nh6 (10... Bh6 $16 11. Kb1 Bxe3 12. fxe3 (12. Qxe3 Nh6 $16) 12... Kf8) 11. a3 Nf7 12. Nh2 exd4 13. Bxd4 Nde5 ({Black should play} 13... Bh6 14. Be3 b5) 14. f4 $16 Nd7 (14... Nxd3+ $16 {was called for.} 15. Qxd3 O-O) 15. Nf3 $18 O-O $2 {[#]} (15... g5 16. fxg5 Nxg5 17. Nxg5 fxg5) 16. Nh4 Nh8 17. e5 $2 ({White should try} 17. g4 $18) 17... dxe5 (17... fxe5 $11 18. Bf2 Rxf4 19. Nxg6 Nxg6 20. Bxg6 d5) 18. fxe5 Nxe5 19. Bxe5 fxe5 20. Rxf8+ Bxf8 21. Nxg6 Nxg6 22. Bxg6 Qf6 23. Bxh5 $2 {[%mdl 8192] [#]} (23. Qd3 $16) 23... Bh6 $19 {Black is clearly winning.} 24. Qxh6 Qxh6+ 25. Kb1 Qxh5 {Accuracy: White = 26%, Black = 34%.} 0-1

[Event "Stay Safe Play From Home 307"]
[Site "Emanuel Lasker Arena"]
[Date "2020.07.16"]
[Round "6"]
[White "Grazie"]
[Black "Scorpio New"]
[Result "0-1"]
[WhiteElo "1931"]
[BlackElo "2070"]
[Annotator "TA"]
[PlyCount "96"]
[EventDate "2020.07.16"]
[EventType "swiss (blitz)"]

{[%evp 9,96,0,31,0,35,-4,20,8,20,-25,-12,-23,-20,-25,4,-21,-19,-31,-20,-54,-56,-60,-58,-74,-45,-71,-55,-75,-43,-46,0,-39,-16,-18,-26,-22,-8,-21,0,-20,0,-13,96,97,100,82,90,73,70,-241,-241,-386,-241,-241,-241,-245,-142,-218,-116,-224,-224,-396,-388,-424,0,-325,-91,-113,-114,-119,-117,-157,-156,-186,-183,-200,-40,-104,177,-154,-75,-68,141,0,0,-231,-31,-247,-77]} 1. d4 d6 2. c3 g6 3. g3 Bg7 4. Bg2 Nd7 5. Nf3 c6 {[#]} 6. Bg5 $146 {A41: 1 d4 d6: Tartakower System and Modern Defence.} ({Predecessor:} 6. Na3 Qc7 7. Nc2 h6 8. Qd3 e5 9. O-O Ne7 10. e4 O-O 11. Be3 a5 12. Qd2 {0-1 (36) Valenzuela Pumarimay,C (1637)-Santiago Lastra,N (1939) Moquegua Ilo 2017}) 6... Qb6 7. Qb3 Qc7 8. O-O {The position is equal.} (8. e4 {looks sharper.} Ngf6 9. Qc2 h6 10. Bd2 O-O 11. O-O) 8... Ngf6 9. Bxf6 (9. Re1 {is more complex.} Ne4 10. Bc1 O-O 11. Nbd2 Ndf6 12. Qc2) 9... Nxf6 10. Nbd2 O-O 11. e4 Re8 12. Rfe1 e5 13. dxe5 dxe5 14. Rad1 Be6 15. Qc2 a5 {[%cal Ba7a5,Ba5a4][%mdl 32]} ({Wrong is} 15... Bxa2 $2 16. c4 $18) 16. b3 {[#]} a4 $1 {[%mdl 512]} 17. Ra1 (17. bxa4 h6) 17... h6 18. Nf1 Bg4 19. Ne3 Be6 (19... Bd7 {is interesting.} 20. Reb1 Bf8 21. b4 b5 22. c4 Rac8) 20. b4 Ng4 21. Nxg4 Bxg4 22. c4 Be6 23. a3 Rad8 24. Rad1 Kh7 25. h4 h5 (25... Rxd1 $11 {keeps the balance.} 26. Rxd1 b5) 26. Ng5+ $16 Kg8 27. Rxd8 Qxd8 28. Rd1 Qe7 29. c5 $2 {[%mdl 8192]} (29. Nxe6 $14 {keeps the upper hand.} Qxe6 30. Bf1) 29... Bb3 $19 {[%mdl 64] Skewer} 30. Qd2 (30. Qc1 $142 Bxd1 31. Qxd1) 30... Bxd1 31. Qxd1 Bf6 32. Nf3 Kg7 (32... Rd8 $19 33. Qxa4 Qe6) 33. Qxa4 (33. Qc1 $17) 33... Rd8 (33... Qd7 $1 $19 34. Kh2 Rd8) 34. Qc2 (34. Bf1 $17) 34... Qd7 35. Kh2 $2 (35. Ne1 {is a better defense.}) 35... Qd3 36. Qa2 Qd7 $2 (36... Qc3 $19 {Threatens to win with ...Rd3.} 37. Qe2 Qxa3) 37. a4 $2 {[%mdl 8192]} (37. Qc2 $1 $11 {and White stays safe.} Qd3 38. Qa2) 37... Qe7 $2 (37... Qd3 $19 38. a5 Qc3) 38. Qb3 g5 39. hxg5 Bxg5 40. b5 Bf6 41. bxc6 bxc6 42. Qb6 Rc8 $2 (42... Qe6 $19 43. Qb2 Qc4) 43. Bf1 (43. a5 $1 $15) 43... Qc7 $2 {[%mdl 8192]} (43... Qe8 $17 {Strongly threatening ...Rb8.} 44. Qb4 Qd8) 44. Bc4 $2 (44. Ba6 $18) 44... Bd8 ({Black should try} 44... Qd7 $1 45. Qb3 h4 $1 {[%mdl 512]} 46. gxh4 Rh8) 45. Qb3 $17 Qe7 $2 {[#]} (45... Ra8 $15 {stays ahead.}) 46. a5 ({Only move:} 46. Nh4 $1 $16 {[%cal Rh4f5] Nf5+ is the strong threat.} Kf8 47. Nf5) 46... Bxa5 47. Qa4 $2 (47. Nh4 $11 Qf6 48. Nf5+ Kf8 49. Be2) 47... Bd8 $2 ({Better is} 47... Qxc5 $19 48. Kg2 Ra8) 48. Ba6 $2 (48. Nh4 $1 $15 Qxc5 49. Nf5+ Kg6 50. Qa2) 48... Rc7 $2 {Accuracy: White = 37%, Black = 39%.} (48... Qa7 $19 {is more deadly.} 49. Nxe5 Ra8) 0-1

[Event "Stay Safe Play From Home 307"]
[Site "Emanuel Lasker Arena"]
[Date "2020.07.16"]
[Round "6"]
[White "Bishop91"]
[Black "Greblha"]
[Result "0-1"]
[WhiteElo "1715"]
[BlackElo "1905"]
[Annotator "NA RC"]
[PlyCount "68"]
[EventDate "2020.07.16"]
[EventType "swiss (blitz)"]

1. d4 {[%emt 0:00:02]} c6 {[%emt 0:00:00]} 2. g3 {[%emt 0:00:01]} d5 {[%emt 0:00:00]} 3. Bg2 {[%emt 0:00:03]} Nf6 {[%emt 0:00:00]} 4. Nf3 {[%emt 0:00:01]} Bf5 {[%emt 0:00:00]} 5. O-O {[%emt 0:00:00]} e6 {[%emt 0:00:00]} 6. Nc3 {[%emt 0:00:01]} h6 {[%emt 0:00:01]} 7. Qe1 {[%emt 0:00:01]} Bd6 {[%emt 0:00:01]} 8. e3 {[%emt 0:00:03]} Nbd7 {[%emt 0:00:02]} 9. Bd2 {[%emt 0:00:00]} O-O {[%emt 0:00:01]} 10. Nh4 {[%emt 0:00:05]} Bh7 {[%emt 0:00:02]} 11. f4 {[%emt 0:00:02]} Ne4 {[%emt 0:00:01]} 12. Nxe4 {[%emt 0:00:01]} Bxe4 {[%emt 0:00:01]} 13. c4 {[%emt 0:00:02]} dxc4 {[%emt 0:00:01]} 14. Bxe4 {[%emt 0:00:01]} Nf6 {[%emt 0:00:01]} 15. Bc2 {[%emt 0:00:02]} b5 {[%emt 0:00:01]} 16. a3 {[%emt 0:00:01]} a5 {[%emt 0:00:01]} 17. e4 {[%emt 0:00:03]} c5 {[%emt 0:00:01]} 18. e5 {[%emt 0:00:01]} cxd4 {[%emt 0:00:01]} 19. exf6 {[%emt 0:00:01]} Qxf6 {[%emt 0:00:07]} 20. Qe4 {[%emt 0:00:00]} g6 {[%emt 0:00:04]} 21. Nf3 {[%emt 0:00:04]} d3 {[%emt 0:00:01]} 22. Bd1 {[%emt 0:00:02]} Qxb2 {[%emt 0:00:01]} 23. Rc1 {[%emt 0:00:13]} Bc5+ {[%emt 0:00:01]} 24. Kh1 {[%emt 0:00:02]} Qxa3 {[%emt 0:00:01]} 25. Be3 {[%emt 0:00:01]} Bxe3 {[%emt 0:00:01]} 26. Qxe3 {[%emt 0:00:00]} Rac8 {[%emt 0:00:03]} 27. Ne5 {[%emt 0:00:00]} Qb2 {[%emt 0:00:01]} 28. f5 {[%emt 0:00:00]} exf5 {[%emt 0:00:01]} 29. Bg4 {[%emt 0:00:01]} Rfe8 {[%emt 0:00:01]} 30. Nxg6 {[%emt 0:00:01]} Rxe3 {[%emt 0:00:02]} 31. Bxf5 {[%emt 0:00:00]} Re2 {[%emt 0:00:01]} 32. Nh4 {[%emt 0:00:01]} Rxh2+ {[%emt 0:00:01]} 33. Kg1 {[%emt 0:00:01]} Rxh4 {[%emt 0:00:01]} 34. gxh4 {[%emt 0:00:01]} Rc5 {[%emt 0:00:01] Time (Lag: Av=0.32s, max=0.4s)} 0-1

[Event "Stay Safe Play From Home 307"]
[Site "Emanuel Lasker Arena"]
[Date "2020.07.16"]
[Round "6"]
[White "Haris kollari 13"]
[Black "GIULIO19031975"]
[Result "0-1"]
[WhiteElo "1696"]
[BlackElo "1771"]
[Annotator "NA RC"]
[PlyCount "72"]
[EventDate "2020.07.16"]
[EventType "swiss (blitz)"]

1. e4 {[%emt 0:00:01]} c5 {[%emt 0:00:01]} 2. f4 {[%emt 0:00:00]} e6 {[%emt 0:00:00]} 3. Nf3 {[%emt 0:00:00]} Nc6 {[%emt 0:00:01]} 4. d4 {[%emt 0:00:01]} cxd4 {[%emt 0:00:01]} 5. Nxd4 {[%emt 0:00:00]} Bc5 {[%emt 0:00:01]} 6. Nb3 {[%emt 0:00:02]} Bb6 {[%emt 0:00:01]} 7. c4 {[%emt 0:00:01]} Qh4+ {[%emt 0:00:01]} 8. g3 {[%emt 0:00:02]} Qf6 {[%emt 0:00:01]} 9. Nc3 {[%emt 0:00:02]} h5 {[%emt 0:00:01]} 10. Qf3 {[%emt 0:00:01]} Nge7 {[%emt 0:00:01]} 11. Bd3 {[%emt 0:00:02]} Ng6 {[%emt 0:00:02]} 12. Bd2 {[%emt 0:00:02]} h4 {[%emt 0:00:01]} 13. O-O-O {[%emt 0:00:03]} hxg3 {[%emt 0:00:01]} 14. hxg3 {[%emt 0:00:01]} Rxh1 {[%emt 0:00:01]} 15. Rxh1 {[%emt 0:00:02]} Ke7 {[%emt 0:00:01]} 16. c5 {[%emt 0:00:02]} Bc7 {[%emt 0:00:01]} 17. e5 {[%emt 0:00:01]} Bxe5 {[%emt 0:00:06]} 18. Bxg6 {[%emt 0:00:02]} fxg6 {[%emt 0:00:02]} 19. Qe4 {[%emt 0:00:06]} Bxc3 {[%emt 0:00:01]} 20. Bxc3 {[%emt 0:00:01]} Qf5 {[%emt 0:00:02]} 21. Qxf5 {[%emt 0:00:02]} gxf5 {[%emt 0:00:01]} 22. Bxg7 {[%emt 0:00:01]} Kf7 {[%emt 0:00:01]} 23. Bc3 {[%emt 0:00:02]} Kg6 {[%emt 0:00:05]} 24. Rh8 {[%emt 0:00:01]} b6 {[%emt 0:00:02]} 25. cxb6 {[%emt 0:00:02]} axb6 {[%emt 0:00:01]} 26. Kd2 {[%emt 0:00:03]} Bb7 {[%emt 0:00:01]} 27. Rxa8 {[%emt 0:00:02]} Bxa8 {[%emt 0:00:01]} 28. Ke3 {[%emt 0:00:02]} Bb7 {[%emt 0:00:01]} 29. Be5 {[%emt 0:00:01]} d5 {[%emt 0:00:01]} 30. Bd4 {[%emt 0:00:02]} Nb4 {[%emt 0:00:01]} 31. Bxb6 {[%emt 0:00:01]} Nc2+ {[%emt 0:00:01]} 32. Kd2 {[%emt 0:00:02]} Nb4 {[%emt 0:00:01]} 33. Nd4 {[%emt 0:00:01]} Nc6 {[%emt 0:00:01]} 34. Nxe6 {[%emt 0:00:02]} d4 {[%emt 0:00:02]} 35. Nxd4 {[%emt 0:00:01]} Nb4 {[%emt 0:00:01]} 36. Ne6 {[%emt 0:00:03]} Nd5 {[%emt 0:00:01] Time (Lag: Av=0.49s, max=1.1s)} 0-1

[Event "Stay Safe Play From Home 307"]
[Site "Emanuel Lasker Arena"]
[Date "2020.07.16"]
[Round "7"]
[White "AChessPlayer"]
[Black "Little champs"]
[Result "1-0"]
[WhiteElo "2367"]
[BlackElo "2310"]
[Annotator "TA"]
[PlyCount "47"]
[EventDate "2020.07.16"]
[EventType "swiss (blitz)"]

{[%evp 9,47,2,10,0,135,72,82,75,76,47,41,33,33,29,95,41,103,13,5,-75,58,58,103,10,15,0,53,16,576,573,813,802,974,475,1482,1445,1754,1749,1943,1858]} 1. Nf3 c6 2. g3 d5 3. Bg2 e6 4. O-O Nf6 5. d3 Bd6 6. Nbd2 {[#] A07: Réti Opening: New York and Capablanca Systems.} d4 $146 (6... e5 $11) ({Predecessor:} 6... O-O 7. e4 Nbd7 8. Re1 Qc7 9. Nf1 b6 10. Bg5 e5 11. Nh4 h6 12. Bd2 Nc5 {1-0 (31) Fritz,R (2258)-Hagner,B (1859) Arco 2019}) 7. e4 (7. Nxd4 $142 e5 8. N4f3) 7... dxe3 $16 8. fxe3 {White is better.} O-O 9. e4 Nbd7 10. Nc4 Bc7 11. a4 e5 (11... b5 $11 {keeps the balance.} 12. Ne3 Bb7) 12. Nh4 (12. a5 $16) 12... Nc5 {[#]} ({Black should try} 12... a5 $14) 13. Nf5 (13. Bg5 $1 $16) 13... Bxf5 $11 14. Rxf5 (14. exf5 $11 {remains equal.} Ncd7 15. a5) 14... Re8 (14... Ncxe4 $17 15. Kh1 Nd6 16. Nxd6 Bxd6) 15. Bg5 $36 {[%mdl 2048] White is more active.} Re6 16. Ne3 (16. d4 $16 Qf8 17. Bxf6 (17. dxc5 Qxc5+ 18. Ne3 h6 $11) (17. dxe5 Nfxe4 18. Be3 g6 $11) (17. Nxe5 Bxe5 18. Bxf6 Bxf6 $14) 17... Rxf6 18. Rxf6 (18. dxe5 Re6 $11) (18. Nxe5 Rxf5 19. exf5 Re8 $16) 18... gxf6 19. Qg4+ Kh8 20. d5) 16... h6 $11 17. Bh4 Qe7 (17... g6 $11 18. Rxf6 Rxf6 19. Bxf6 Qxf6) 18. Ng4 {[#] Threatens to win with Bxf6.} g5 $2 {[%mdl 8192] Loses the game.} (18... Ncd7 $11 {and Black has nothing to worry.}) 19. Nxh6+ $18 {White is clearly winning.} Kg7 20. Bxg5 Rh8 21. Ng4 (21. Rxf6 $142 Qxf6 22. Bxf6+ Rxf6 23. Nf5+ Kf8 24. Qd2) 21... Nxg4 (21... Ncd7 $142 22. Nxf6 Rxf6) 22. Bxe7 Nh6 23. Rg5+ Kh7 24. Bxc5 {Accuracy: White = 38%, Black = 26%.} 1-0

[Event "Stay Safe Play From Home 307"]
[Site "Emanuel Lasker Arena"]
[Date "2020.07.16"]
[Round "7"]
[White "Weltszmerc"]
[Black "Broken sword"]
[Result "0-1"]
[WhiteElo "2163"]
[BlackElo "2456"]
[Annotator "TA"]
[PlyCount "104"]
[EventDate "2020.07.16"]
[EventType "swiss (blitz)"]

{[%evp 9,103,6,0,-10,10,7,14,12,12,0,0,7,31,17,29,0,0,0,16,0,0,-6,0,0,0,-47,-28,-42,53,47,43,34,41,45,35,36,313,93,100,87,267,185,188,141,128,20,25,18,108,125,113,113,325,325,297,72,53,0,0,0,0,0,0,0,0,0,0,-95,-89,-61,0,0,0,0,0,0,20,8,19,0,46,46,132,43,147,8,49,-184,0,0,59,-192,-181,-29999,0,-29999]} 1. d4 d5 2. c4 c6 3. Nf3 Nf6 4. g3 Bf5 5. Qb3 Qb6 6. c5 {D11: Slav Defence: 3 Nf3 sidelines and 3...Nf6 4 e3 Bg4.} Qc7 7. Bf4 Qc8 8. Bg2 {The position is equal.} Nbd7 9. O-O h6 10. Nc3 {[#]} Nh5 $146 ({Predecessor:} 10... g5 11. Be5 Bg7 12. Rfe1 O-O 13. Rac1 Ne4 14. Bxg7 Kxg7 15. Nxe4 Bxe4 16. Nd2 Bxg2 17. Kxg2 {0-1 (39) Myc,M (2315)-Zurek,M (2445) Pardubice 1996}) 11. Bd2 Nhf6 12. h3 e6 13. Bf4 Nh5 14. Bd2 {Threatens to win with g4.} Nhf6 15. g4 Bh7 16. Bf4 Be7 17. Qa4 O-O 18. b4 $1 b5 (18... b6 $15) 19. Qb3 $1 $14 a5 20. a4 $1 $36 {[%cal Ra4b5][%mdl 2048] White has the initiative.} axb4 21. Qxb4 bxa4 22. Rxa4 Rb8 $2 {[%mdl 8192]} (22... Rxa4 $14 23. Qxa4 Ne4 24. Nxe4 Bxe4) 23. Qa3 $2 (23. Bxb8 $18 Qxb8 24. Qxb8 Nxb8 25. Ra7) 23... Rb7 24. Ra1 Bd8 $2 (24... Nb6 $16 {keeps fighting.}) 25. Ra8 Nb8 26. Na4 Bc7 27. Bxc7 (27. Bd6 $16) 27... Qxc7 $11 28. Nb6 Be4 (28... Nfd7 $1 $11) 29. Ne5 $16 Bxg2 30. Kxg2 Nfd7 $2 (30... Ne4 $16) 31. Nexd7 Nxd7 32. Rxf8+ $2 (32. Nxd7 $18 {and the rest is easy.} Qxd7 33. Rxf8+ Kxf8 34. Qa8+ Ke7 35. Qh8) 32... Nxf8 33. Qa8 (33. Qg3 $1 $14) 33... Rb8 $11 34. Qa7 Rb7 $1 {[%cal Rb7a7]} 35. Qa8 Rb8 36. Qa7 Rb7 $1 {[%cal Rb7a7]} 37. Qa3 e5 38. e3 (38. Qg3 $1 $11 {remains equal.}) 38... exd4 $17 39. exd4 g6 (39... Ne6 $15) 40. Qe3 $11 Ne6 41. Qxh6 Rb8 42. Qe3 (42. Re1 {feels hotter.} Nxd4 43. h4 Nc2 44. Re2 Nd4 45. Re3) 42... Qf4 (42... g5 {looks sharper.} 43. Ra8 Nf4+ 44. Kh2 Ne6+ 45. Kg2) 43. Qxf4 Nxf4+ {[%mdl 4096] Endgame KRN-KRN} 44. Kg3 Ne6 45. Ra4 Re8 (45... g5 $14) 46. f4 (46. Nd7 $16 {Nf6+ is the strong threat.} Re7 47. Nb8) 46... Kg7 {[#]} ({Black should play} 46... Rd8 $1 $14) 47. f5 (47. Nd7 $1 $16) 47... Ng5 48. Kh4 $2 (48. Ra3 $14 {stays ahead.}) 48... Nf3+ $2 (48... Ne4 $19 {[%cal Re8h8]} 49. g5 gxf5) 49. Kg3 $14 Ng5 50. Kh4 $2 {[%mdl 8192]} (50. Ra3 $14 {keeps the upper hand.}) 50... Ne4 $19 {[%cal Re8h8]} 51. fxg6 $2 {[#]} (51. g5 $19 gxf5 52. Ra8 Rxa8 53. Nxa8) 51... Kxg6 $2 (51... Rh8# {mates}) 52. Nd7 $2 {[%mdl 8192]} (52. Ra8 $11 Rxa8 53. Nxa8) 52... Rh8# {Never resign too early! Accuracy: White = 50%, Black = 54%.} 0-1

[Event "Stay Safe Play From Home 307"]
[Site "Emanuel Lasker Arena"]
[Date "2020.07.16"]
[Round "7"]
[White "Lazieri3"]
[Black "Grazie"]
[Result "1-0"]
[WhiteElo "2109"]
[BlackElo "1921"]
[Annotator "TA"]
[PlyCount "107"]
[EventDate "2020.07.16"]
[EventType "swiss (blitz)"]

{[%evp 9,107,4,19,0,6,-28,-21,-17,-16,-26,27,2,192,-56,-9,-18,-7,-21,-17,-37,-13,-46,-38,-73,-52,-46,-16,-45,-10,-51,-15,-33,-14,-24,0,-50,0,-20,0,0,0,-143,0,0,0,0,29997,0,0,-42,0,-12,0,0,83,89,72,39,239,238,302,295,341,347,320,225,194,224,273,265,272,270,354,304,406,395,395,229,373,346,480,229,461,431,437,300,425,419,480,454,480,454,29979,29979,29980,29982,29982,29983,29983,29984]} 1. e4 e6 2. Nc3 d5 3. exd5 exd5 4. d4 c6 5. Nf3 Nf6 6. Bf4 {C01: French: Exchange Variation.} Bd6 {[#]} 7. Ne5 $146 ({Predecessor:} 7. Bxd6 Qxd6 8. Be2 O-O 9. O-O Re8 10. h3 Bf5 11. Re1 Nbd7 12. Bf1 Rxe1 13. Qxe1 Bxc2 {0-1 (27) Schenk,M (1407)-Steimle,M (1267) Playchess.com INT 2020}) 7... O-O 8. Bd3 {The position is equal.} Re8 9. O-O h6 (9... Qc7 $142) 10. h3 Nbd7 $2 {[#]} (10... Qc7 $11) 11. Nxd7 $2 ({White should play} 11. Nxf7 $1 $18 {[%mdl 512]} Kxf7 12. Bxd6) 11... Qxd7 12. Bxd6 Qxd6 13. Ne2 Bd7 14. Ng3 Re7 15. c3 Rae8 16. Nh5 Nxh5 17. Qxh5 Qf6 18. a3 b6 19. Rad1 Bc8 20. Rd2 Bb7 21. Qg4 Bc8 22. Qg3 Bb7 23. Rdd1 c5 24. dxc5 bxc5 25. f3 (25. Bb5 $11 {keeps the balance.} Bc6 26. Bxc6 Qxc6 27. Rd2) 25... d4 (25... c4 $17 26. Bc2 Re2) 26. Rfe1 $11 dxc3 27. Rxe7 Rxe7 $4 {[%mdl 8192]} (27... Qxe7 $11 28. bxc3 Rd8) 28. bxc3 $2 (28. Qb8+ {mates} Bc8 29. Qxc8+ {[%mdl 64] Double Attack} Re8 30. Qxe8#) 28... g6 29. c4 Qd4+ (29... Rd7 {is more complex.} 30. Qe1 Kg7 31. Bf1 Rd4 32. Rb1 Bc8) 30. Qf2 Qxf2+ (30... Qd6 {looks sharper.} 31. Bc2 Qe5 32. f4 Qf6 33. f5 g5) 31. Kxf2 {[%mdl 4096] Endgame KRB-KRB} a5 (31... Rd7 $11 {remains equal.}) 32. Rb1 $16 Ba6 33. Rb6 Ra7 $2 {Black is on the road to losing.} ({Black should try} 33... Re6 $14 34. Rb8+ Kg7) 34. Rc6 $18 Kf8 35. Rxc5 Ke7 36. Rxa5 {Hoping for c5.} Rd7 37. Rxa6 Rxd3 {KR-KR} 38. c5 {[%cal Bc4c5,Bc5c6][%mdl 32]} Rb3 39. c6 Rc3 40. Kg3 Kd6 41. Ra7 Rxc6 42. Rxf7 {Strongly threatening Rf6+.} Ke5 43. Rh7 (43. Re7+ $142 Kd4 44. Rh7) 43... h5 (43... Ra6 $142 44. Rxh6 Kf6) 44. Ra7 Kf5 45. Kh2 (45. h4 $142) 45... Rc3 $2 (45... h4 46. a4 Rc2 47. Rf7+ Ke6) 46. Ra5+ Kf6 47. Ra8 Kf5 (47... h4 {was called for.} 48. a4 Ke5) 48. a4 Kf6 49. a5 Ra3 50. a6 Kg5 (50... Ra4 $18 51. a7 Kg7) 51. a7 {White mates.} h4 {[#]} 52. f4+ $1 {[%mdl 64] Decoy, Promotion} Kxf4 53. Rf8+ Kg5 54. a8=Q {Accuracy: White = 54%, Black = 31%.} 1-0

[Event "Stay Safe Play From Home 307"]
[Site "Emanuel Lasker Arena"]
[Date "2020.07.16"]
[Round "7"]
[White "Scorpio New"]
[Black "Hetou"]
[Result "0-1"]
[WhiteElo "2080"]
[BlackElo "2519"]
[Annotator "TA"]
[PlyCount "62"]
[EventDate "2020.07.16"]
[EventType "swiss (blitz)"]

{[%evp 9,62,-25,-16,-13,0,-3,-1,-15,18,6,72,41,74,66,90,27,59,50,87,14,47,-26,-18,-60,-41,-109,-87,-151,-89,-171,-181,-223,-226,-374,-337,-339,-253,-440,-407,-467,-427,-1403,-729,-1760,-798,-1621,-1005,-29991,-29992,-29992,-2968,-29990,-29989,-29989,-29989]} 1. d3 b6 2. Nd2 Bb7 3. c3 {[#]} g6 $146 ({Predecessor:} 3... Nf6 4. Ngf3 g6 5. g3 Bg7 6. Bg2 O-O 7. O-O d6 8. Qc2 Nbd7 9. Re1 e6 10. b3 Qe7 11. Bb2 {½-½ (11) Moiseenko,V (2543)-Osmak,I (2408) Anogia 2019}) 4. Qc2 Bg7 5. e4 Nf6 6. g3 {A00: Irregular Openings.} d6 7. Bg2 Nbd7 8. Ngf3 {The position is equal.} h5 9. a4 Ne5 (9... a5 $11 {remains equal.}) 10. O-O a5 11. Nxe5 dxe5 12. h4 (12. Nc4 $16) 12... Nd7 13. Nc4 e6 14. f4 (14. b4 $16) 14... Ba6 15. fxe5 (15. f5 $14) 15... Bxc4 $11 16. dxc4 Bxe5 17. Bf4 {White is on the road to losing.} (17. Qf2 $15 Qe7 18. Be3) 17... Qe7 18. Rab1 ({White should play} 18. Bg5 Qc5+ 19. Qf2) 18... O-O ({Better is} 18... Bxf4 19. Rxf4 Ne5) 19. b4 (19. Bg5 $17 Qc5+ 20. Kh2) 19... Bxf4 $19 20. Rxf4 Ne5 21. b5 (21. Bf1 {was called for.}) 21... Nxc4 22. Qe2 Qc5+ 23. Kh2 $2 (23. Qf2 {only move.} Qxf2+ 24. Rxf2) 23... Rad8 {[%cal Ba8d8,Bd8d2,Bd2f2][%mdl 32]} 24. Rbf1 Rd2 25. Qf3 (25. Qe1 $142) 25... Ne3 26. Rf2 Ng4+ (26... Rxf2 $142 27. Qxf2 Ng4+ {[%mdl 64] Discovered Attack, Overworked Piece} 28. Rxg4 Qxf2) 27. Rxg4 Rxf2 28. Rxg6+ fxg6 29. Qd3 {[#]} Qd6 (29... Rxg2+ $142 $1 30. Kxg2 Qf2+ 31. Kh3 Qe1 32. Qc2 Rf2 33. Qxf2 Qxf2 34. g4 {[#]} g5 $1 {[%mdl 512]} 35. hxg5 h4 36. g6 Qg3#) 30. Qd4 Qxd4 31. cxd4 {[#]} Rd2 $1 {Accuracy: White = 19%, Black = 42%.} 0-1

[Event "Stay Safe Play From Home 307"]
[Site "Emanuel Lasker Arena"]
[Date "2020.07.16"]
[Round "7"]
[White "Bardellosport"]
[Black "Tolka"]
[Result "0-1"]
[WhiteElo "2009"]
[BlackElo "2315"]
[Annotator "TA"]
[PlyCount "96"]
[EventDate "2020.07.16"]
[EventType "swiss (blitz)"]

{[%evp 9,96,-4,-8,-11,5,-23,-23,-17,0,-43,-33,-43,-31,-36,-33,-46,-43,-345,-112,-318,-106,-122,-115,-297,-292,-333,-336,-305,-314,-369,-309,-421,-264,-420,-423,-484,-406,-426,-419,-566,-529,-520,-536,-536,-535,-536,-536,-536,-529,-517,-519,-820,-811,-657,-481,-497,-506,-519,-506,-531,-524,-694,-688,-861,-809,-878,-862,-1100,-1068,-1418,-1411,-6601,-6199,-6311,-6587,-6107,-5834,-29980,-29981,-29972,-29973,-29982,-29983,-29983,-29984,-29992,-29993,-29994,-1483]} 1. d4 Nf6 2. e3 c5 3. f4 cxd4 4. exd4 d6 5. c3 Bf5 6. Nf3 {A45: Trompowsky Attack.} g6 7. Bd3 Bxd3 8. Qxd3 {Black has an edge.} Bg7 {[#]} 9. Qe2 $146 ({Predecessor:} 9. O-O O-O 10. Nbd2 Nbd7 11. f5 Qa5 12. fxg6 hxg6 13. Ne4 e5 14. dxe5 dxe5 15. Nxf6+ Nxf6 {0-1 (61) Campagnolo,F (1691)-De Borba,G (1625) Sao Bento do Sul 2015}) 9... O-O 10. O-O Nc6 11. Nbd2 Qb6 12. Nc4 Qa6 13. b3 $2 {[%mdl 8192] [#]} (13. Re1 $15) 13... Na5 $2 (13... d5 $19 {Threatens to win with ...Rfc8.} 14. Re1 dxc4 15. Qxc4 Qxc4 16. bxc4 Rfc8) 14. Bb2 $2 (14. Rb1 $17) 14... Nxc4 $2 (14... d5 $19 {has better winning chances. And now ...Rac8 would win.} 15. g3 Rac8 {[%mdl 64] Pin} 16. Qxe7 dxc4) 15. bxc4 Rfe8 16. d5 $2 (16. Nd2 $17) 16... Rac8 17. Rae1 Qxc4 ({Don't take} 17... Qxa2 18. f5 $19) 18. Qxc4 Rxc4 19. Nd4 Kf8 20. Nb5 a6 21. Nd4 (21. Na3 {was the only defense.} Ra4 22. c4) 21... Nxd5 $19 22. g4 Bxd4+ 23. cxd4 Rc2 24. Ba3 Rec8 25. Rf2 Rxf2 26. Kxf2 {[%mdl 4096] Endgame KRB-KRN} Rc2+ 27. Re2 Rxe2+ 28. Kxe2 Nxf4+ {KB-KN} 29. Kf3 Nd5 30. Ke4 (30. Bc1 $142 f5 31. a3) 30... Nc3+ 31. Kd3 Nb5 32. Bb4 Ke8 33. Kc4 Kd7 34. a4 Nc7 35. Bd2 b5+ 36. Kb3 bxa4+ 37. Kxa4 Kc6 38. h4 Kd5 39. Bh6 Ne6 40. h5 Kxd4 41. hxg6 hxg6 42. Bd2 Kd3 43. Be1 Ke2 {Black mates.} 44. Bc3 d5 45. Kb4 d4 46. Bb2 d3 47. Kc3 d2 48. Kc2 d1=Q+ {Accuracy: White = 22%, Black = 67%.} 0-1